| 000 | 00339nam a2200145Ia 4500 | ||
|---|---|---|---|
| 008 | 211109s9999||||xx |||||||||||||| ||und|| | ||
| 082 |
_a580 _bBEW-P |
||
| 100 | _aBews, J W | ||
| 245 | 0 | _aPlant Forms | |
| 260 |
_bLongman _aNew York _c2000 |
||
| 300 | _a199p. | ||
| 630 | _xGeneral Stack | ||
| 650 |
_aPLANTS _vBOTANY _xBotany |
||
| 942 | _cBOOK | ||
| 999 |
_c3820 _d3820 |
||